[Event "53rd World U20 ch"]
[Site "Pune IND"]
[Date "2014.10.15"]
[Round "9.33"]
[White "Kozganbay, Erkin"]
[Black "Iniyan, P."]
[Result "1-0"]
[WhiteElo "2328"]
[BlackElo "2151"]
[EventDate "2014.10.06"]
[PlyCount "121"]

1.Nf3 Nf6 2.g3 g6 3.b3 Bg7 4.Bb2 O-O 5.Bg2 d5 6.c4 b6 7.O-O Bb7 8.cxd5 
Bxd5 9.Nc3 Bb7 10.d4 Nbd7 11.Qc2 Rc8 12.e4 c5 13.d5 c4 14.b4 Ng4 15.Rfd1 
Nde5 16.Nxe5 Nxe5 17.Ne2 Qd6 18.f4 Nd3 19.Bxg7 Kxg7 20.Qc3+ Kg8 21.a3 a5 
22.Rdb1 a4 23.Qd4 b5 24.Nc3 Qd7 25.Qb6 Rb8 26.Qxb5 Bc6 27.Qa5 Bb5 28.h3 h5
29.Rf1 Rfc8 30.Ra2 Rc7 31.Nxb5 Rxb5 32.Qxa4 Ra7 33.Qc2 Qc7 34.e5 Qb6+ 35.
Kh2 Qd4 36.e6 f5 37.d6 exd6 38.Bc6 Rb8 39.Qe2 Kf8 40.h4 Ke7 41.b5 Qc3 42.
Qe3 Rxa3 43.Rfa1 Ne5 44.Qxc3 Ng4+ 45.Kh1 Rxc3 46.Bd5 Kf6 47.Ra7 Nh6 48.Re1
Rd3 49.Bc6 c3 50.e7 c2 51.e8=Q Rxe8 52.Bxe8 Rd1 53.Ra1 Ng4 54.Rexd1 Nf2+ 
55.Kh2 cxd1=Q 56.Rxd1 Nxd1 57.b6 Ke7 58.b7 Kxe8 59.b8=Q+ Kd7 60.Qa7+ Ke6 
61.Qd4 1-0

[Event "53rd World U20 ch"]
[Site "Pune IND"]
[Date "2014.10.15"]
[Round "9.34"]
[White "Rakesh, Kumar Jena"]
[Black "Borisenko, Viacheslav"]
[Result "0-1"]
[WhiteElo "2164"]
[BlackElo "2316"]
[EventDate "2014.10.06"]
[PlyCount "74"]

1.e4 e5 2.Nf3 Nc6 3.Bb5 a6 4.Ba4 Nge7 5.O-O g6 6.c3 Bg7 7.d4 b5 8.Bc2 exd4
9.cxd4 d5 10.exd5 Nxd5 11.Bg5 Qd6 12.Nc3 Nxc3 13.bxc3 O-O 14.a3 Bb7 15.Re1
h6 16.Bh4 Rae8 17.Rxe8 Rxe8 18.Bg3 Qd7 19.a4 b4 20.Rb1 a5 21.Qd3 Nd8 22.
cxb4 axb4 23.Qc4 Ne6 24.Rd1 Bxf3 25.gxf3 Nxd4 26.Kg2 c5 27.Bxg6 Qe6 28.
Qxe6 Nxe6 29.Be4 c4 30.a5 Nc5 31.Bd5 c3 32.a6 Nxa6 33.Ra1 Rd8 34.Bc4 Nc5 
35.Ra5 Ne6 36.Ra1 Rc8 37.Bd5 c2 0-1

[Event "53rd World U20 ch"]
[Site "Pune IND"]
[Date "2014.10.15"]
[Round "9.35"]
[White "Blazeka, Matej"]
[Black "Nishant, Malhotra"]
[Result "1/2-1/2"]
[WhiteElo "2311"]
[BlackElo "2129"]
[EventDate "2014.10.06"]
[PlyCount "62"]

1.e4 e5 2.Nf3 Nc6 3.d4 exd4 4.Nxd4 Bc5 5.Nb3 Bb6 6.Qe2 Nge7 7.Nc3 d6 8.Be3
Bxe3 9.Qxe3 O-O 10.O-O-O f5 11.Bc4+ Kh8 12.f4 fxe4 13.Nxe4 d5 14.Nc3 Nf5 
15.Qc5 d4 16.Bb5 Ne3 17.Bxc6 Nxd1 18.Rxd1 bxc6 19.Nxd4 Qf6 20.g3 Bd7 21.
Rd2 Rfe8 22.Nf3 Bf5 23.Ne5 g5 24.b3 gxf4 25.gxf4 Rad8 26.Rxd8 Rxd8 27.Qxa7
Bxc2 28.Kxc2 Qf5+ 29.Kb2 Qxf4 30.Qc5 Qd2+ 31.Ka3 Qc1+ 1/2-1/2

[Event "53rd World U20 ch"]
[Site "Pune IND"]
[Date "2014.10.15"]
[Round "9.36"]
[White "Harsha, Bharathakoti"]
[Black "Vokhidov, Shamsiddin"]
[Result "1/2-1/2"]
[WhiteElo "2296"]
[BlackElo "2119"]
[EventDate "2014.10.06"]
[PlyCount "160"]

1.d4 Nf6 2.c4 e6 3.Nc3 Bb4 4.f3 d5 5.a3 Be7 6.e4 c5 7.e5 Nfd7 8.cxd5 exd5 
9.f4 cxd4 10.Qxd4 Nb6 11.Nf3 O-O 12.Bd3 f6 13.Qf2 fxe5 14.Nxe5 Bh4 15.g3 
Bf6 16.Nf3 Bh3 17.Be3 Nc4 18.O-O-O Nxe3 19.Qxe3 Re8 20.Qf2 Bxc3 21.bxc3 
Qa5 22.Kb2 h6 23.Rhe1 Nd7 24.Ne5 Nb6 25.Qd4 Na4+ 26.Kb3 Rac8 27.Rc1 Re6 
28.Qxa4 Rb6+ 29.Qb4 Qc5 30.Ka2 Rxb4 31.axb4 Qf2+ 32.Re2 Qb6 33.Kb2 a5 34.
b5 d4 35.c4 Qc5 36.g4 Qb4+ 37.Ka2 Re8 38.c5 Bxg4 39.Rb2 Be6+ 40.Kb1 Qa3 
41.b6 Bd5 42.Bg6 Rc8 43.c6 bxc6 44.b7 Rb8 45.Rxc6 Bxc6 46.Nxc6 Qxb2+ 47.
Kxb2 Rxb7+ 48.Kc2 a4 49.Nxd4 a3 50.Be4 Rb2+ 51.Kc3 Rxh2 52.Bd5+ Kh8 53.Nc2
Rf2 54.Nxa3 Rxf4 55.Kd3 h5 56.Ke3 Rf1 57.Nc4 g5 58.Nd2 Rf5 59.Be4 Rf6 60.
Nf3 g4 61.Nh4 Kg7 62.Nf5+ Kg6 63.Kf4 Rf8 64.Bd3 Rf7 65.Be4 Rf8 66.Bd3 Kf6 
67.Ng3 Rh8 68.Bf5 Ke7 69.Ne4 Kf7 70.Kg5 Rg8+ 71.Kh4 Rh8 72.Kg5 Kg7 73.Nf6 
h4 74.Nxg4 h3 75.Nh2 Kf7 76.Kf4 Kf6 77.Ng4+ Kf7 78.Nh2 Kg7 79.Kg3 Kf6 80.
Bxh3 Rxh3+ 1/2-1/2

[Event "53rd World U20 ch"]
[Site "Pune IND"]
[Date "2014.10.15"]
[Round "9.37"]
[White "Gahan, M. G."]
[Black "Gandhi, Anish"]
[Result "1-0"]
[WhiteElo "2252"]
[BlackElo "2068"]
[EventDate "2014.10.06"]
[PlyCount "81"]

1.e4 c5 2.c3 d5 3.exd5 Qxd5 4.d4 g6 5.dxc5 Qxc5 6.Be3 Qc7 7.Na3 a6 8.Qa4+ 
Nc6 9.Nb5 Qb8 10.Nd4 Bd7 11.Ngf3 Bg7 12.Qb3 Nf6 13.Be2 O-O 14.h3 Qc7 15.
O-O e5 16.Nxc6 Bxc6 17.c4 Nd7 18.Rac1 h6 19.Nd2 f5 20.f4 Rae8 21.Bf3 Kh7 
22.Bd5 Qd6 23.Rcd1 exf4 24.Bxf4 Qc5+ 25.Kh1 Re2 26.Qd3 Rfe8 27.Nb3 Qb6 28.
Rd2 Re1 29.Rd1 Rxf1+ 30.Rxf1 Ne5 31.Qg3 Bxd5 32.cxd5 Qb5 33.Rd1 Qe2 34.Re1
Qxb2 35.d6 g5 36.Bxe5 Rxe5 37.d7 Rd5 38.Qf3 Qc3 39.Re3 g4 40.Qxd5 Qxe3 41.
Qxf5+ 1-0

[Event "53rd World U20 ch"]
[Site "Pune IND"]
[Date "2014.10.15"]
[Round "9.38"]
[White "Yogesh, Gautam"]
[Black "Praneeth Surya, K."]
[Result "1-0"]
[WhiteElo "2144"]
[BlackElo "2251"]
[EventDate "2014.10.06"]
[PlyCount "51"]

1.e4 c6 2.d4 d5 3.f3 Qb6 4.Nc3 e6 5.a3 Nf6 6.Be3 Be7 7.e5 Nfd7 8.f4 f5 9.
Nf3 O-O 10.Be2 c5 11.O-O a6 12.Kh1 Qc7 13.Rg1 Nc6 14.dxc5 Rd8 15.b4 d4 16.
Nxd4 Nxc5 17.Bf3 Nxd4 18.Bxd4 Rd7 19.bxc5 Bxc5 20.Ne2 Bxd4 21.Nxd4 Qc4 22.
c3 Qxc3 23.Ne2 Rxd1 24.Nxc3 Rd8 25.Ne2 Rd7 26.Rgd1 1-0

[Event "53rd World U20 ch"]
[Site "Pune IND"]
[Date "2014.10.15"]
[Round "9.39"]
[White "Yogit, S."]
[Black "Chakravarthi Reddy, M."]
[Result "0-1"]
[WhiteElo "1954"]
[BlackElo "2217"]
[EventDate "2014.10.06"]
[PlyCount "42"]

1.e4 e6 2.d4 d5 3.Nc3 Bb4 4.e5 c5 5.a3 Bxc3+ 6.bxc3 Qa5 7.Bd2 Qa4 8.Qb1 c4
9.Ne2 Nc6 10.Ng3 Bd7 11.Be2 O-O-O 12.O-O Nge7 13.Qb2 Kc7 14.Rfb1 Rb8 15.
Qc1 Nc8 16.Bf4 Nb6 17.Nf5 g5 18.Rb4 Qa5 19.Nd6 gxf4 20.Rb5 Qxc3 21.Rxb6 
Nxd4 0-1

[Event "53rd World U20 ch"]
[Site "Pune IND"]
[Date "2014.10.15"]
[Round "9.40"]
[White "Deac, Bogdan-Daniel"]
[Black "Ganesh, R."]
[Result "1-0"]
[WhiteElo "2402"]
[BlackElo "2030"]
[EventDate "2014.10.06"]
[PlyCount "139"]

1.e4 c5 2.Nf3 e6 3.b3 Nc6 4.Bb2 d6 5.d4 cxd4 6.Nxd4 Nxd4 7.Qxd4 Nf6 8.Nc3 
a6 9.O-O-O Qc7 10.f4 Be7 11.Bd3 Qc5 12.Na4 Qxd4 13.Bxd4 O-O 14.Nb6 Rb8 15.
c4 Nd7 16.Bc2 Rd8 17.Be3 Nf8 18.f5 Bd7 19.Bf4 Bc6 20.c5 dxc5 21.Bxb8 Rxb8 
22.Rhf1 Bd8 23.Nc4 Nd7 24.fxe6 fxe6 25.Rd6 Nf8 26.g3 Bc7 27.Rdd1 Nd7 28.e5
b5 29.Be4 bxc4 30.Bxc6 Nxe5 31.Bd7 Rb6 32.bxc4 Nxc4 33.Rf2 h6 34.Ba4 Ne5 
35.Bc2 Rb8 36.Re1 c4 37.Re4 Rb5 38.Rfe2 Kf7 39.a4 Rd5 40.Rf4+ Ke7 41.Rfe4 
Kf6 42.h4 Bd6 43.Rf2+ Ke7 44.Rd2 Ba3+ 45.Kd1 Kd6 46.Ke2 Bb4 47.Rd1 a5 48.
h5 Bc3 49.Rf4 Ke7 50.Be4 Rxd1 51.Kxd1 Bb4 52.Bb1 Bd6 53.Ke2 c3 54.Kd1 Bb4 
55.Bg6 Kd7 56.Kc2 Kc6 57.Rd4 Kc5 58.Rd8 Nc4 59.Rd7 Ne3+ 60.Kb1 Nf1 61.Rxg7
Nxg3 62.Rh7 Kd6 63.Rxh6 Ke7 64.Bc2 e5 65.Rh7+ Kf6 66.h6 e4 67.Rc7 Bf8 68.
h7 Bg7 69.Rxc3 Ne2 70.Re3 1-0

[Event "53rd World U20 ch"]
[Site "Pune IND"]
[Date "2014.10.15"]
[Round "9.41"]
[White "Aradhya, Garg"]
[Black "Gahwiler, Gabriel"]
[Result "1/2-1/2"]
[WhiteElo "2068"]
[BlackElo "2360"]
[EventDate "2014.10.06"]
[PlyCount "84"]

1.d4 Nf6 2.Nf3 g6 3.Bg5 Bg7 4.Nbd2 d5 5.e3 Bg4 6.c3 Bxf3 7.Qxf3 Nbd7 8.e4 
dxe4 9.Nxe4 O-O 10.Bc4 c6 11.O-O-O Qa5 12.h4 b5 13.Bb3 b4 14.Bd2 bxc3 15.
Nxc3 Qf5 16.Qe2 Nd5 17.h5 N7f6 18.hxg6 hxg6 19.Rh4 Nb4 20.Rh3 Rad8 21.Qxe7
Rxd4 22.Rf3 Qd7 23.Qxd7 Nxd7 24.Ne2 Rxd2 25.Kxd2 Ne5 26.Rh3 Rd8+ 27.Ke1 
Rxd1+ 28.Bxd1 Nbd3+ 29.Kf1 Nxb2 30.Bb3 c5 31.Rc3 c4 32.Rc2 cxb3 33.Rxb2 
Nc4 34.Rxb3 Nd2+ 35.Ke1 Nxb3 36.axb3 Kf8 37.Kd2 Ke7 38.Kd3 Kd6 39.Kc4 Bf6 
40.Nd4 a6 41.Nc2 Bh4 42.g3 Ke5 1/2-1/2

[Event "53rd World U20 ch"]
[Site "Pune IND"]
[Date "2014.10.15"]
[Round "9.42"]
[White "Fisher, William"]
[Black "Roshan, Rangarajan"]
[Result "1/2-1/2"]
[WhiteElo "2313"]
[BlackElo "2088"]
[EventDate "2014.10.06"]
[PlyCount "64"]

1.e4 c5 2.Nf3 g6 3.d4 cxd4 4.Nxd4 Nc6 5.c4 Nf6 6.Nc3 d6 7.Be2 Nxd4 8.Qxd4 
Bg7 9.Be3 O-O 10.Qd2 a5 11.f3 a4 12.Rc1 Qa5 13.Kf2 Be6 14.Nd5 Bxd5 15.Qxa5
Rxa5 16.cxd5 Nd7 17.Rc7 Nc5 18.Rb1 f5 19.b4 axb3 20.axb3 f4 21.Bxc5 Rxc5 
22.Rxb7 Rc2 23.Rb4 Ra8 24.Rc4 Rd2 25.Ra4 Rxa4 26.bxa4 Ra2 27.Rb8+ Kf7 28.
Ra8 Bd4+ 29.Ke1 Bc3+ 30.Kf2 Bd4+ 31.Ke1 Bc3+ 32.Kf2 Bd4+ 1/2-1/2

[Event "53rd World U20 ch"]
[Site "Pune IND"]
[Date "2014.10.15"]
[Round "9.43"]
[White "Lokesh, P."]
[Black "Deepthamsh, Reddy M."]
[Result "1-0"]
[WhiteElo "2303"]
[BlackElo "2071"]
[EventDate "2014.10.06"]
[PlyCount "81"]

1.e4 c5 2.Nf3 d6 3.d4 cxd4 4.Nxd4 Nf6 5.Nc3 a6 6.Be2 e5 7.Nb3 Be7 8.O-O 
O-O 9.Kh1 b6 10.Be3 Bb7 11.f3 b5 12.a4 b4 13.Nd5 Nxd5 14.exd5 Nd7 15.c3 
bxc3 16.bxc3 Rc8 17.c4 Bg5 18.Bf2 Qc7 19.a5 Ba8 20.c5 Nxc5 21.Nxc5 dxc5 
22.Bxa6 Rb8 23.Qd3 Rb2 24.Be1 c4 25.Bxc4 Rc8 26.Bc3 Rbb8 27.Ra4 Qd7 28.
Rfa1 Bxd5 29.Bxd5 Qxa4 30.Rxa4 Rxc3 31.Qf1 Rc1 32.Qxc1 Bxc1 33.g3 Be3 34.
a6 Rb1+ 35.Kg2 Rb2+ 36.Kf1 Ba7 37.Rc4 h5 38.Rc7 Bb6 39.a7 Bxa7 40.Rxa7 
Rxh2 41.Kg1 1-0

[Event "53rd World U20 ch"]
[Site "Pune IND"]
[Date "2014.10.15"]
[Round "9.44"]
[White "Nazario, Marc Christian"]
[Black "Viani D`Cunha, Antonio"]
[Result "0-1"]
[WhiteElo "2029"]
[BlackElo "2257"]
[EventDate "2014.10.06"]
[PlyCount "86"]

1.e4 c5 2.Nf3 e6 3.c4 a6 4.Nc3 Qc7 5.Be2 b6 6.O-O Bb7 7.d4 cxd4 8.Nxd4 Nf6
9.Qd3 d6 10.f4 Nbd7 11.Bf3 Rc8 12.Be3 Qxc4 13.Qd2 Qc7 14.Rac1 Qb8 15.f5 e5
16.Nb3 Be7 17.g4 h6 18.h4 d5 19.exd5 e4 20.Bf4 Ne5 21.Qd4 Nxf3+ 22.Rxf3 
Qa8 23.Re3 O-O 24.d6 Rfd8 25.g5 Bxd6 26.Bxd6 Ne8 27.Qe5 Rxd6 28.Rce1 f6 
29.Qg3 fxg5 30.hxg5 hxg5 31.Nxe4 Bxe4 32.Rxe4 Rh6 33.Nd4 Nf6 34.Re5 Rh4 
35.Qb3+ Kh8 36.Nf3 Rh3 37.R5e3 Ng4 38.Rd3 Qb8 39.Kf1 Qg3 40.Ke2 Re8+ 41.
Kd2 Qf2+ 42.Kd1 Rxe1+ 43.Nxe1 Ne3+ 0-1

[Event "53rd World U20 ch"]
[Site "Pune IND"]
[Date "2014.10.15"]
[Round "9.45"]
[White "Megalios, Konstantinos"]
[Black "Chaithanyaa, K. G."]
[Result "1-0"]
[WhiteElo "2196"]
[BlackElo "2029"]
[EventDate "2014.10.06"]
[PlyCount "131"]

1.e4 c5 2.Nf3 a6 3.c3 d6 4.d4 Qc7 5.Bd3 g6 6.O-O Bg7 7.Re1 e5 8.d5 Nf6 9.
a4 b6 10.Na3 O-O 11.Nc4 Nbd7 12.b4 Ne8 13.Be3 h6 14.Nfd2 f5 15.f3 f4 16.
Bf2 g5 17.a5 b5 18.Nb6 Rb8 19.c4 Nxb6 20.axb6 Rxb6 21.Rc1 bxc4 22.bxc5 Rb2
23.Rxc4 Qa5 24.Rc2 Rxc2 25.Qxc2 dxc5 26.Nb3 Qd8 27.Nxc5 g4 28.Bxa6 gxf3 
29.gxf3 Bxa6 30.Nxa6 Rf6 31.Nc5 Qc8 32.Kh1 Bf8 33.Rg1+ Kf7 34.Qc1 Ng7 35.
Nd3 Qb8 36.Qb1 Bd6 37.Qxb8 Bxb8 38.Rb1 Bd6 39.Bh4 Rg6 40.Rb7+ Kf8 41.Rb6 
Kf7 42.Be1 Ne8 43.Bc3 Rg5 44.Rb7+ Kg6 45.Ba5 Kh5 46.Rd7 Bb8 47.Rb7 Bd6 48.
Bd8 Rg8 49.Rd7 Bb8 50.Ba5 Nd6 51.Rd8 Rxd8 52.Bxd8 Nc4 53.Kg2 Bd6 54.Kf1 
Ne3+ 55.Ke2 Nc4 56.Bf6 Kg6 57.Bh4 Kh5 58.Bf2 Kg5 59.Ne1 Ba3 60.Kd3 Na5 61.
Kc2 Nb7 62.Nd3 Bd6 63.Kb3 Kf6 64.Ka4 Bb8 65.Nc5 Ba7 66.Bh4+ 1-0

[Event "53rd World U20 ch"]
[Site "Pune IND"]
[Date "2014.10.15"]
[Round "9.46"]
[White "Godbole, Atharva"]
[Black "Pastar, Slaven"]
[Result "1-0"]
[WhiteElo "2009"]
[BlackElo "2159"]
[EventDate "2014.10.06"]
[PlyCount "57"]

1.e4 c5 2.Nf3 e6 3.d4 cxd4 4.Nxd4 Nf6 5.Nc3 Nc6 6.Ndb5 Bc5 7.Nd6+ Ke7 8.
Bf4 e5 9.Nf5+ Kf8 10.Be3 Bb4 11.Bc4 d5 12.Bxd5 Bxf5 13.Bxc6 Bxe4 14.Bxe4 
Nxe4 15.Qg4 Qd5 16.O-O Bxc3 17.bxc3 h5 18.Qh4 Qc6 19.Rad1 g6 20.Rd3 Kg7 
21.f4 exf4 22.Qxf4 f6 23.Rfd1 Raf8 24.Bd4 Nd6 25.Rg3 Ne4 26.Re3 Re8 27.
Rde1 Qd6 28.Qf3 Nd2 29.Qxb7+ 1-0

[Event "53rd World U20 ch"]
[Site "Pune IND"]
[Date "2014.10.15"]
[Round "9.47"]
[White "Sai Vishwesh, Chandrakaladaran"]
[Black "Sudarshan, Malga"]
[Result "1-0"]
[WhiteElo "2151"]
[BlackElo "2007"]
[EventDate "2014.10.06"]
[PlyCount "91"]

1.e4 e5 2.Nf3 Nc6 3.Bb5 a6 4.Ba4 Nf6 5.O-O b5 6.Bb3 Bc5 7.c3 d6 8.d4 Bb6 
9.dxe5 Nxe5 10.Nxe5 dxe5 11.Qxd8+ Kxd8 12.Bxf7 Rf8 13.Bd5 Nxd5 14.exd5 Bb7
15.Be3 Bxe3 16.fxe3 Rxf1+ 17.Kxf1 Bxd5 18.Nd2 Ke7 19.e4 Bc6 20.Ke2 Rf8 21.
Ke3 Rf4 22.g3 Rf6 23.Rc1 Bd7 24.Nf3 Re6 25.Rf1 h6 26.Rd1 Rd6 27.Rc1 Kf6 
28.Rf1 Bh3 29.Rf2 Ke6 30.Ne1 c5 31.Nd3 c4 32.Nb4 Rd1 33.Nxa6 Rd3+ 34.Ke2 
Bg4+ 35.Kf1 Kd6 36.Nb4 Re3 37.Rd2+ Ke6 38.Na6 h5 39.h3 Rxg3 40.hxg4 Rxg4 
41.Nc7+ Kf6 42.Nxb5 Rxe4 43.a4 Rh4 44.a5 Rh1+ 45.Kg2 Ra1 46.Na3 1-0

[Event "53rd World U20 ch"]
[Site "Pune IND"]
[Date "2014.10.15"]
[Round "9.48"]
[White "Fong Yit San"]
[Black "Swain, Ashirwad"]
[Result "0-1"]
[WhiteElo "2149"]
[BlackElo "1998"]
[EventDate "2014.10.06"]
[PlyCount "84"]

1.e4 c5 2.Nf3 Nc6 3.d4 cxd4 4.Nxd4 g6 5.c4 Qb6 6.Nc2 Bg7 7.Nc3 Bxc3+ 8.
bxc3 Nf6 9.f3 d6 10.Be3 Qc7 11.g4 Ne5 12.g5 Nh5 13.Nb4 Be6 14.f4 Nxc4 15.
Bd4 O-O 16.f5 a5 17.Nd3 Bd7 18.Be2 Qc6 19.Bf3 e5 20.Bf2 gxf5 21.exf5 e4 
22.Bxh5 exd3 23.Bf3 Rfe8+ 24.Kf1 Qxf3 25.Qxf3 Nd2+ 26.Kg2 Nxf3 27.Kxf3 
Bc6+ 28.Kg3 Bxh1 29.Rxh1 Re5 30.Rd1 Rxf5 31.h4 f6 32.gxf6 Kf7 33.Bd4 Rg8+ 
34.Kh3 Rf3+ 35.Kh2 Rf4 36.Kh3 Rgg4 37.Rxd3 Rxh4+ 38.Kg3 Rfg4+ 39.Kf2 Rh2+ 
40.Kf1 Rxa2 41.Re3 Rf4+ 42.Kg1 Rxf6 0-1

[Event "53rd World U20 ch"]
[Site "Pune IND"]
[Date "2014.10.15"]
[Round "9.49"]
[White "Sammed Jaykumar, Shete"]
[Black "Doluweera, Minul Sanjula"]
[Result "1-0"]
[WhiteElo "2139"]
[BlackElo "1827"]
[EventDate "2014.10.06"]
[PlyCount "101"]

1.e4 c6 2.d4 d5 3.exd5 cxd5 4.Bd3 Nc6 5.c3 Nf6 6.Bf4 Bg4 7.Qb3 Qd7 8.Nd2 
e6 9.Ngf3 Bxf3 10.Nxf3 Bd6 11.Bg3 O-O 12.O-O Rab8 13.a4 Rfc8 14.Rae1 a6 
15.Ne5 Qc7 16.Qd1 b5 17.axb5 axb5 18.f4 g6 19.Bh4 Ne8 20.Qe2 Qb7 21.g4 
Nxe5 22.fxe5 Bf8 23.Rf3 Rc7 24.Bg5 b4 25.Bd2 bxc3 26.bxc3 Qc8 27.Qf2 Rb2 
28.Re2 Ng7 29.Rh3 Qd8 30.c4 dxc4 31.Ba5 cxd3 32.Bxc7 dxe2 33.Bxd8 Rb1+ 34.
Kg2 e1=Q 35.Qxe1 Rxe1 36.Rc3 Rb1 37.Rc8 Rb7 38.Bc7 Ne8 39.Ba5 Ng7 40.Bc7 
Ne8 41.Ba5 Rb5 42.Be1 Rb2+ 43.Kf3 Rxh2 44.Rxe8 Kg7 45.Ba5 Ba3 46.g5 Bc1 
47.Bd8 Bxg5 48.Bxg5 Rh3+ 49.Ke4 Rb3 50.Bf6+ Kh6 51.Re7 1-0

[Event "53rd World U20 ch"]
[Site "Pune IND"]
[Date "2014.10.15"]
[Round "9.50"]
[White "Arjun, Satheesh"]
[Black "Mithil, Ajgaonkar"]
[Result "1/2-1/2"]
[WhiteElo "2004"]
[BlackElo "2258"]
[EventDate "2014.10.06"]
[PlyCount "121"]

1.e4 c6 2.d4 d5 3.exd5 cxd5 4.Bd3 Nc6 5.c3 g6 6.h3 Bg7 7.Bf4 Nf6 8.Nf3 O-O
9.O-O Bf5 10.Qc2 Bxd3 11.Qxd3 e6 12.Nbd2 Nd7 13.Rfe1 Rc8 14.Rad1 Qb6 15.
Qb1 Qa6 16.Nb3 Rfe8 17.Nc1 b5 18.Nd3 f6 19.Be3 Nd8 20.a3 Qb7 21.Qa2 Nf7 
22.Nd2 Qc6 23.Nb4 Qc7 24.Na6 Qb7 25.Nc5 Nxc5 26.dxc5 Ne5 27.b4 a5 28.Nb3 
Nc4 29.Nd2 Ne5 30.Nb3 a4 31.Nd2 Qf7 32.Qc2 Nc6 33.Qd3 Rb8 34.Nf3 Rb7 35.
Qd2 Rbb8 36.Qd3 f5 37.Qd2 Rb7 38.Bf4 e5 39.Qxd5 Qxd5 40.Rxd5 Ne7 41.Rdxe5 
Bxe5 42.Rxe5 Rc8 43.Nd4 Kf7 44.Bg5 Rcc7 45.c4 bxc4 46.b5 c3 47.c6 Rb8 48.
Rc5 Rd8 49.b6 Rxd4 50.bxc7 Nc8 51.Rxc3 Ke6 52.g3 Kd5 53.Bf4 Rc4 54.Rd3+ 
Kxc6 55.h4 Kb7 56.Kg2 Na7 57.Rd8 Nc8 58.Rd3 Na7 59.Rd8 Nc8 60.Rd3 Nb6 61.
Rd8 1/2-1/2

[Event "53rd World U20 ch"]
[Site "Pune IND"]
[Date "2014.10.15"]
[Round "9.51"]
[White "Rindlisbacher, Jan"]
[Black "Krishna Teja, N."]
[Result "1/2-1/2"]
[WhiteElo "2217"]
[BlackElo "2049"]
[EventDate "2014.10.06"]
[PlyCount "60"]

1.d4 Nf6 2.c4 c5 3.d5 b5 4.cxb5 a6 5.b6 e6 6.Nc3 Nxd5 7.Nxd5 exd5 8.Qxd5 
Nc6 9.e4 Be7 10.Bc4 O-O 11.Ne2 Rb8 12.O-O Rxb6 13.Qd1 Bf6 14.Nc3 Rb4 15.
Bd5 Nd4 16.Rb1 d6 17.Be3 Be6 18.a3 Rb8 19.b4 cxb4 20.axb4 Nb5 21.Nxb5 axb5
22.Bxe6 fxe6 23.Qb3 Qe7 24.f4 Rfc8 25.e5 dxe5 26.Bc5 Rxc5 27.bxc5 Qxc5+ 
28.Kh1 Qd5 29.fxe5 Bxe5 30.Qxd5 exd5 1/2-1/2

[Event "53rd World U20 ch"]
[Site "Pune IND"]
[Date "2014.10.15"]
[Round "9.52"]
[White "Yashas, D."]
[Black "Kumar, Gaurav"]
[Result "0-1"]
[WhiteElo "2159"]
[BlackElo "1945"]
[EventDate "2014.10.06"]
[PlyCount "106"]

1.e4 c5 2.Nf3 Nc6 3.Bb5 g6 4.Bxc6 dxc6 5.d3 Bg7 6.h3 Nf6 7.Nc3 Nd7 8.Be3 
e5 9.Qd2 h6 10.O-O Qe7 11.a3 Nf8 12.b4 Ne6 13.Na4 b6 14.Rab1 f5 15.exf5 
gxf5 16.Qd1 O-O 17.Re1 cxb4 18.axb4 e4 19.dxe4 fxe4 20.Nd2 Nf4 21.Bxf4 
Rxf4 22.g3 Rf8 23.Rxe4 Qd7 24.Nf1 Qxh3 25.Ne3 Ba6 26.c4 Rad8 27.Qe2 Rd7 
28.Rd1 Rxd1+ 29.Qxd1 Bc8 30.Qd6 Qd7 31.Qxd7 Bxd7 32.Nd1 Re8 33.Rxe8+ Bxe8 
34.Nac3 Bf7 35.c5 bxc5 36.bxc5 Bb3 37.Kf1 a5 38.Ke2 a4 39.Nb1 Bd4 40.Nd2 
Bxd1+ 41.Kxd1 a3 42.Nb3 a2 43.Kc2 a1=Q 44.Nxa1 Bxa1 45.Kd3 Kf7 46.Ke4 Kf6 
47.f3 h5 48.g4 hxg4 49.fxg4 Kg5 50.Kf3 Bd4 51.Ke4 Bxc5 52.Ke5 Bf8 53.Kd4 
Kxg4 0-1

[Event "53rd World U20 ch"]
[Site "Pune IND"]
[Date "2014.10.15"]
[Round "9.53"]
[White "Manush, Shah"]
[Black "Siva, Mahadevan"]
[Result "1/2-1/2"]
[WhiteElo "2038"]
[BlackElo "2141"]
[EventDate "2014.10.06"]
[PlyCount "92"]

1.d4 f5 2.g3 Nf6 3.Bg2 g6 4.c4 Bg7 5.Nc3 O-O 6.Nh3 e6 7.Nf4 d6 8.e4 c6 9.
exf5 gxf5 10.O-O e5 11.dxe5 dxe5 12.Nh5 Qxd1 13.Nxf6+ Bxf6 14.Rxd1 Be6 15.
b3 Na6 16.Ba3 Rfe8 17.Rab1 Kg7 18.Rd2 Rad8 19.Rxd8 Rxd8 20.Rd1 Rxd1+ 21.
Nxd1 e4 22.f3 Bd4+ 23.Kf1 exf3 24.Bxf3 Kf6 25.Nf2 Nc5 26.Ke2 a5 27.Nd3 Ne4
28.Nf4 Bd7 29.Kd3 Ke5 30.Ne2 Nc5+ 31.Kd2 Ne4+ 32.Bxe4 Kxe4 33.Nxd4 Kxd4 
34.Bd6 a4 35.Be7 axb3 36.axb3 Be6 37.Bd6 Bf7 38.Be7 Bh5 39.h4 Bf7 40.Bf6+ 
Ke4 41.Kc3 b5 42.cxb5 cxb5 43.Kb4 Kf3 44.Be5 h5 45.Bf4 Be6 46.Kxb5 Bxb3 
1/2-1/2

[Event "53rd World U20 ch"]
[Site "Pune IND"]
[Date "2014.10.15"]
[Round "9.54"]
[White "Abhishek, A."]
[Black "Senthil, Maran K."]
[Result "1-0"]
[WhiteElo "2138"]
[BlackElo "2043"]
[EventDate "2014.10.06"]
[PlyCount "73"]

1.d4 d5 2.Nf3 e6 3.e3 Nf6 4.Bd3 c5 5.b3 b6 6.Bb2 Ba6 7.Ne5 Bxd3 8.Qxd3 
Nbd7 9.Nd2 cxd4 10.exd4 Bb4 11.c3 Bd6 12.f4 Nh5 13.Qf3 g6 14.O-O f6 15.Nd3
O-O 16.c4 dxc4 17.Nxc4 Bc7 18.a4 Rc8 19.Rfe1 Ng7 20.Nb4 Nb8 21.d5 Bd6 22.
Nd3 e5 23.Nxd6 Qxd6 24.Ba3 Rc5 25.Qe3 Nd7 26.Bxc5 bxc5 27.fxe5 fxe5 28.
Nxe5 Nf5 29.Qc3 Qf6 30.Rac1 Nh4 31.Nf3 Nxf3+ 32.Qxf3 Qh4 33.Qg3 Qf6 34.Qe3
Rf7 35.Rf1 Qd6 36.Qe8+ Rf8 37.Qe6+ 1-0

[Event "53rd World U20 ch"]
[Site "Pune IND"]
[Date "2014.10.15"]
[Round "9.55"]
[White "Nihal, Sarin"]
[Black "Grahesh, Y."]
[Result "1-0"]
[WhiteElo "2018"]
[BlackElo "1919"]
[EventDate "2014.10.06"]
[PlyCount "113"]

1.d4 c5 2.d5 d6 3.e4 g6 4.Nc3 Nf6 5.Nf3 Bg7 6.Be2 Na6 7.O-O Nc7 8.a4 a6 9.
h3 O-O 10.Bf4 Bd7 11.e5 Nfe8 12.a5 Bb5 13.Re1 dxe5 14.Bxe5 Bxe5 15.Nxe5 
Bxe2 16.Rxe2 Nf6 17.Nc4 Nb5 18.Rd2 Qc7 19.Na4 Rad8 20.Nab6 Qf4 21.c3 Nc7 
22.d6 exd6 23.Rxd6 Ne6 24.Qc1 Qf5 25.Qe3 Qc2 26.Rc1 Qe4 27.Rcd1 Qxe3 28.
Nxe3 Ne4 29.Rd7 Rb8 30.Ned5 Rfd8 31.f3 Ng3 32.Kf2 Nf5 33.g4 Nfg7 34.Nf6+ 
Kh8 35.Ke1 Rf8 36.Kf2 Nf4 37.h4 Nge6 38.Re7 Kg7 39.Ne4 Rfe8 40.Rxe8 Rxe8 
41.Rd7 Nd8 42.Nc4 Nc6 43.Rxb7 Nd3+ 44.Kg3 Nde5 45.Nxe5 Rxe5 46.Rc7 Nxa5 
47.Rxc5 Rxc5 48.Nxc5 Nc4 49.b3 Nd2 50.Kf2 f5 51.Ke2 Nb1 52.c4 fxg4 53.fxg4
Nc3+ 54.Kd2 Na2 55.Nxa6 Kf6 56.Kc2 Ke5 57.Kb2 1-0

[Event "53rd World U20 ch"]
[Site "Pune IND"]
[Date "2014.10.15"]
[Round "9.56"]
[White "Rahul Srivatshav, P."]
[Black "Vandewiele, Emiel"]
[Result "1-0"]
[WhiteElo "2061"]
[BlackElo "1882"]
[EventDate "2014.10.06"]
[PlyCount "55"]

1.e4 b6 2.d3 Bb7 3.Nd2 e5 4.Ngf3 Nc6 5.g3 Qe7 6.Bg2 g6 7.O-O h5 8.h4 Bh6 
9.Nc4 O-O-O 10.b4 Bxc1 11.Qxc1 f6 12.b5 Nb8 13.Ne3 c6 14.c4 Nh6 15.a4 f5 
16.a5 Rdf8 17.axb6 axb6 18.Qb2 fxe4 19.dxe4 Rxf3 20.Bxf3 g5 21.hxg5 Qxg5 
22.bxc6 dxc6 23.Qxb6 Nd7 24.Qa7 Kc7 25.Rab1 Rb8 26.Rfd1 Nf8 27.Qc5 Qf6 28.
Nd5+ 1-0

[Event "53rd World U20 ch"]
[Site "Pune IND"]
[Date "2014.10.15"]
[Round "9.57"]
[White "Raja, Harshit"]
[Black "Rakesh, Kumar Nayak"]
[Result "1/2-1/2"]
[WhiteElo "2000"]
[BlackElo "2057"]
[EventDate "2014.10.06"]
[PlyCount "130"]

1.e4 e5 2.f4 d5 3.exd5 exf4 4.Nf3 Nf6 5.Bc4 Be7 6.O-O O-O 7.d4 Nbd7 8.Bb3 
Nh5 9.c4 g6 10.Nc3 b6 11.Ne1 Ndf6 12.Nd3 Bg4 13.Qe1 f3 14.gxf3 Bh3 15.Rf2 
Nd7 16.Nf4 Nxf4 17.Bxf4 Bh4 18.Bg3 Bg5 19.Nb5 Nf6 20.Nxc7 Rc8 21.Nb5 Nh5 
22.Re2 Nf4 23.Bxf4 Bxf4 24.Re7 a6 25.Na7 Rc7 26.Nc6 Rxe7 27.Qxe7 Qxe7 28.
Nxe7+ Kg7 29.Re1 Bd6 30.Nc6 Bf5 31.Re2 h5 32.Bc2 Bh3 33.b4 Bf4 34.c5 bxc5 
35.dxc5 Bd7 36.Nd4 Re8 37.c6 Rxe2 38.cxd7 Be3+ 39.Kf1 Rf2+ 40.Ke1 Bxd4 41.
Bd1 Bb6 42.d8=Q Bxd8 43.Kxf2 Kf6 44.Ke3 Ke5 45.Bb3 Bb6+ 46.Kd3 Bg1 47.h3 
g5 48.Bc4 a5 49.bxa5 f5 50.Bb3 h4 51.Kc4 g4 52.fxg4 fxg4 53.Bd1 gxh3 54.
Bf3 Kd6 55.Bh1 h2 56.Kb5 Bf2 57.a4 Be3 58.a6 Ba7 59.Kc4 Ke5 60.Kd3 Bg1 61.
Ke2 h3 62.Kd3 Ba7 63.Kc4 Kd6 64.Kb5 Kc7 65.a5 Bg1 1/2-1/2

[Event "53rd World U20 ch"]
[Site "Pune IND"]
[Date "2014.10.15"]
[Round "9.58"]
[White "Praggnanandhaa, R."]
[Black "Pranavananda, V."]
[Result "1-0"]
[WhiteElo "1836"]
[BlackElo "2136"]
[EventDate "2014.10.06"]
[PlyCount "79"]

1.e4 c6 2.d4 d5 3.Nc3 g6 4.e5 Bg7 5.Be3 Nh6 6.Nf3 Bg4 7.h3 Bxf3 8.Qxf3 Nf5
9.Bd3 Nxe3 10.fxe3 e6 11.O-O O-O 12.Ne2 Nd7 13.Nf4 c5 14.c3 Qb6 15.Rf2 c4 
16.Bf1 Qc6 17.Qd1 f6 18.exf6 Nxf6 19.Be2 Ne4 20.Rf1 Bh6 21.Bg4 Rf6 22.Bf3 
Ng3 23.Re1 Nf5 24.Qc2 Nxe3 25.Rxe3 Bxf4 26.Re2 Raf8 27.Rae1 Bg3 28.Rd1 Bc7
29.Rde1 Qd6 30.Re5 Qd7 31.R5e3 Bf4 32.R3e2 Bg3 33.Rd1 Kh8 34.Qd2 Qg7 35.b3
b5 36.bxc4 bxc4 37.Rb1 Qf7 38.Qe3 Bf4 39.Qf2 Qc7 40.Reb2 1-0